Capitales du monde - Click Quiz - Statistiques

Statistiques générales
  • Ce quiz a été pris 643 fois
  • Le résultat moyen est 92 sur 196
Statistiques - réponses
Hint Réponse % Correct
Italie Rome
97%
Canada Ottawa
96%
Egypte Le Caire
89%
Royaume-Uni Londres
87%
Espagne Madrid
87%
Corée du Sud Séoul
87%
Chine Pékin
86%
Mexique Mexico
82%
Allemagne Berlin
78%
Portugal Lisbonne
78%
Pays-Bas Amsterdam
76%
Thaïlande Bangkok
76%
Algérie Alger
75%
Autriche Vienne
75%
Andorre Andorre-la-Vieille
74%
Turquie Ankara
74%
Belgique Bruxelles
74%
Luxembourg Luxembourg
74%
Salvador San Salvador
73%
Biélorussie Minsk
72%
Monaco Monaco
71%
France Paris
71%
Islande Reykjavik
71%
Tunisie Tunis
71%
Croatie Zagreb
71%
Suisse Berne
70%
Brésil Brasilia
70%
Russie Moscou
70%
Etats-Unis Washington DC
70%
Ukraine Kiev
69%
Albanie Tirana
69%
Grèce Athènes
68%
Vatican Vatican
68%
Sénégal Dakar
67%
Inde New Delhi
67%
Norvège Oslo
67%
Guatemala Guatemala
66%
Finlande Helsinki
66%
Irlande Dublin
65%
Pérou Lima
65%
Colombie Bogota
64%
Cuba La Havane
64%
Argentine Buenos Aires
63%
Danemark Copenhague
63%
Maroc Rabat
63%
Singapour Singapour
63%
Japon Tokyo
63%
Saint-Marin Saint-Marin
62%
Nouvelle-Zélande Wellington
62%
Guinée-Bissau Bissau
61%
Roumanie Bucarest
61%
Pologne Varsovie
61%
Australie Canberra
60%
Djibouti Djibouti
60%
Israël Jérusalem
60%
Corée du Nord Pyongyang
60%
Lettonie Riga
60%
Suède Stockholm
60%
Hongrie Budapest
59%
République Tchèque Prague
59%
Emirats Arabes Unis Abou Dabi
58%
Afrique du Sud Bloemfontein/Le Cap/Pretoria
58%
Madagascar Antananarivo
57%
Koweït Koweït
57%
Malte La Valette
57%
Bulgarie Sofia
57%
Estonie Tallinn
57%
Chypre Nicosie
56%
Panama Panama
56%
Liban Beyrouth
55%
Bosnie-Herzégovine Sarajevo
55%
Taïwan Taipei
55%
Liechtenstein Vaduz
55%
Serbie Belgrade
54%
Qatar Doha
54%
Chili Santiago
53%
Indonésie Jakarta
52%
Uruguay Montevideo
52%
Irak Bagdad
51%
Venezuela Caracas
51%
Philippines Manille
51%
Mongolie Oulan-Bator
51%
Kosovo Pristina
51%
Bolivie La Paz/Sucre
50%
Iran Téhéran
50%
Paraguay Asunción
49%
Vietnam Hanoï
49%
Slovénie Ljubljana
49%
Equateur Quito
49%
Sri Lanka Sri Jayawardenapura Kotte
49%
Lituanie Vilnius
49%
Slovaquie Bratislava
48%
Moldavie Chisinau
48%
Pakistan Islamabad
48%
Kenya Nairobi
48%
Arabie Saoudite Riyad
48%
Macédoine du Nord Skopje
48%
Libye Tripoli
48%
Ethiopie Addis-Abeba
47%
Syrie Damas
47%
Afghanistan Kaboul
47%
Cameroun Yaoundé
47%
Malaisie Kuala Lumpur
46%
Sao Tomé et Principe Sao Tomé
46%
Arménie Erevan
45%
Népal Katmandou
45%
Cambodge Phnom Penh
45%
Haïti Port-au-Prince
45%
République Dominicaine Saint-Domingue
45%
Mali Bamako
44%
Azerbaïdjan Bakou
43%
République Démocratique du Congo Kinshasa
43%
Kazakhstan Astana
42%
Congo Brazzaville
42%
Burkina Faso Ouagadougou
42%
Géorgie Tbilissi
42%
Côte d'Ivoire Yammoussoukro
42%
Yémen Sanaa
41%
Jordanie Amman
39%
Soudan Khartoum
39%
Namibie Windhoek
39%
Togo Lomé
38%
Mauritanie Nouakchott
38%
Costa Rica San José
38%
Bangladesh Dacca
37%
Sierra Leone Freetown
37%
Angola Luanda
37%
Laos Vientiane
37%
Zimbabwe Harare
36%
Jamaïque Kingston
36%
Monténégro Podgorica
35%
Honduras Tegucigalpa
35%
Ghana Accra
34%
Belize Belmopan
34%
Guinée Conakry
34%
Gabon Libreville
34%
Maldives Malé
34%
Gambie Banjul
33%
Somalie Mogadiscio
33%
Bahamas Nassau
33%
Tchad N'Djamena
33%
Turkménistan Achgabat
32%
République Centrafricaine Bangui
32%
Niger Niamey
32%
Oman Mascate
31%
Birmanie Naypyidaw
31%
Suriname Paramaribo
31%
Île Maurice Port-Louis
31%
Seychelles Victoria
31%
Nigeria Abuja
30%
Rwanda Kigali
30%
Zambie Lusaka
30%
Bhoutan Thimphou
30%
Brunei Bandar Seri Begawan
29%
Nicaragua Managua
29%
Cap-Vert Praia
29%
Timor Oriental Dili
28%
Tanzanie Dodoma
28%
Bénin Porto-Novo
28%
Kirghizistan Bichkek
27%
Guyana Georgetown
27%
Ouganda Kampala
27%
Malawi Lilongwe
27%
Papouasie Nouvelle-Guinée Port Moresby
27%
Erythrée Asmara
26%
Botswana Gaborone
26%
Mozambique Maputo
26%
Trinité et Tobago Port-d'Espagne
26%
Ouzbékistan Tachkent
26%
Sainte-Lucie Castries
25%
Soudan du Sud Djouba
25%
Lesotho Maseru
24%
Liberia Monrovia
24%
Comores Moroni
24%
Barbade Bridgetown
23%
Samoa Apia
22%
Tadjikistan Douchanbé
22%
Bahreïn Manama
22%
Eswatini Mbabane
22%
Fidji Suva
22%
Dominique Roseau
21%
Tuvalu Funafuti
20%
Saint Christophe-et-Niévès Basseterre
19%
Burundi Gitega
19%
Palaos Ngerulmud
19%
Micronésie Palikir
19%
Vanuatu Port-Vila
19%
Guinée Equatoriale Malabo
18%
Tonga Nuku'alofa
18%
Antigua-et-Barbuda Saint John's
18%
Kiribati Tarawa-Sud
18%
Nauru Yaren
17%
Grenade Saint-Georges
16%
Îles Salomon Honiara
15%
Saint Vincent et les Grenadines Kingstown
15%
Îles Marshall Majuro
14%
Aucun quiz correspondant
Distribution des résultats
% des personnes avec chaque résultat
Percentile par nombre de réponses
Votre historique - résultats
Vous n’avez pas pris ce quiz